The lion and the mouse : (Record no. 214)

MARC details
000 -LEADER
fixed length control field 01293nam a22003617a 4500
001 - CONTROL NUMBER
control field 214
003 - CONTROL NUMBER IDENTIFIER
control field FISKH
005 - DATE AND TIME OF LATEST TRANSACTION
control field 20230306135409.0
008 - FIXED-LENGTH DATA ELEMENTS--GENERAL INFORMATION
fixed length control field 230306b cb ||||| |||| 00| 0 eng d
040 ## - CATALOGING SOURCE
Original cataloging agency DLC
Transcribing agency DLC
Modifying agency DLC
-- FISKH
Language of cataloging eng
041 1# - LANGUAGE CODE
Language code of text/sound track or separate title eng
Language code of original ger
042 ## - AUTHENTICATION CODE
Authentication code lcac
050 00 - LIBRARY OF CONGRESS CALL NUMBER
Classification number PZ8.2.W35
Item number Li 2000
082 00 - DEWEY DECIMAL CLASSIFICATION NUMBER
Classification number 398.24/529757
-- [E]
Edition number 21
100 1# - MAIN ENTRY--PERSONAL NAME
Personal name Watts, Bernadette.
240 10 - UNIFORM TITLE
Uniform title Löwe und die Maus.
Language of a work English
245 14 - TITLE STATEMENT
Title The lion and the mouse :
Remainder of title an Aesop fable /
Statement of responsibility, etc. retold and illustrated by Bernadette Watts.
260 ## - PUBLICATION, DISTRIBUTION, ETC.
Place of publication, distribution, etc. New York :
Name of publisher, distributor, etc. Scholastic
Date of publication, distribution, etc. 2001
300 ## - PHYSICAL DESCRIPTION
Extent 16 leaves of plates
Other physical details ill. (all col.) ;
Dimensions 29 cm.
500 ## - GENERAL NOTE
General note "First published in Switzerland under the title Der Lowe und die Maus"--copyright page.
504 ## - BIBLIOGRAPHY, ETC. NOTE
Bibliography, etc. note K
520 ## - SUMMARY, ETC.
Summary, etc. A tiny mouse helps a mighty lion, who had once showed him mercy, escape from a trap.
521 8# - TARGET AUDIENCE NOTE
Target audience note 540
Source Lexile
521 8# - TARGET AUDIENCE NOTE
Target audience note K
Source Raz-Plus
521 8# - TARGET AUDIENCE NOTE
Target audience note AD
650 #1 - SUBJECT ADDED ENTRY--TOPICAL TERM
Topical term or geographic name entry element Fables.
650 #1 - SUBJECT ADDED ENTRY--TOPICAL TERM
Topical term or geographic name entry element Folklore.
700 0# - ADDED ENTRY--PERSONAL NAME
Personal name Aesop.
856 42 - ELECTRONIC LOCATION AND ACCESS
Materials specified Contributor biographical information
Uniform Resource Identifier <a href="http://www.loc.gov/catdir/enhancements/fy0915/99056634-b.html">http://www.loc.gov/catdir/enhancements/fy0915/99056634-b.html</a>
856 42 - ELECTRONIC LOCATION AND ACCESS
Materials specified Publisher description
Uniform Resource Identifier <a href="http://www.loc.gov/catdir/enhancements/fy0915/99056634-d.html">http://www.loc.gov/catdir/enhancements/fy0915/99056634-d.html</a>
906 ## - LOCAL DATA ELEMENT F, LDF (RLIN)
a 7
b cbc
c orignew
d 1
e ocip
f 19
g y-gencatlg
942 ## - ADDED ENTRY ELEMENTS (KOHA)
Source of classification or shelving scheme Dewey Decimal Classification
Koha item type Books
Suppress in OPAC No
Holdings
Withdrawn status Lost status Source of classification or shelving scheme Damaged status Not for loan Collection Home library Current library Shelving location Date acquired Total Checkouts Full call number Barcode Date last seen Date last checked out Copy number Price effective from Koha item type
    Dewey Decimal Classification     Juvenile Fiction Footprints International School Library Network Toul Kork Campus Footprints International School Library Network Toul Kork Campus TK Primary Library Room(4th Floor), Bookcase 3&4, Shelves 17-32, Yellow Books 03/06/2023 3 398.24529757 PZ8.W35 FISTK02324 12/07/2023 11/16/2023 1 03/06/2023 Books
    Dewey Decimal Classification     Juvenile Fiction Footprints International School Library Network Toul Kork Campus Footprints International School Library Network Toul Kork Campus TK Primary Library Room(4th Floor), Bookcase 3&4, Shelves 17-32, Yellow Books 03/06/2023 4 398.24529757 PZ8.W35 2023-0077 12/11/2024 12/04/2024 2 03/06/2023 Books